| 000 | 00393 a2200157 4500 | ||
|---|---|---|---|
| 001 | 22841 | ||
| 020 | _a9788525410757 | ||
| 040 | _cAnchieta - São Paulo/Itaigara | ||
| 100 | _aQueirós, Eça de | ||
| 240 | 1 | 0 |
_aA correspondência de Fradique Mendes _lpor |
| 245 | 1 | 0 | _aA correspondência de Fradique Mendes |
| 300 | _a227 | ||
| 362 | 0 | _a2010 | |
| 650 | 4 | _aFicção portuguesa | |
| 942 | _cBK | ||
| 999 |
_c22841 _d22841 |
||